| 000 | 00376nam a22001337a 4500 | ||
|---|---|---|---|
| 008 | 250703b |||||||| |||| 00| 0 eng d | ||
| 020 | _a052139584 | ||
| 050 |
_aHD1417 _b.E55 |
||
| 100 | _aELLIS Frank | ||
| 245 | _aAgricultural Policies in Developing Countries | ||
| 260 |
_aNew York _bPress Syndicate of the University of Cambridge. _c1992 |
||
| 300 | _axv, 357p. | ||
| 942 | _cBK | ||
| 999 |
_c4095 _d4095 |
||